| 000 | 00929nac a22002171u 4500 | ||
|---|---|---|---|
| 010 | _a 91031406 | ||
| 020 | _a0471502618 (acid-free paper) | ||
| 082 | 0 | 0 |
_a005.133 _bF5331 |
| 090 |
_c4207 _d4207 |
||
| 100 | _aFisher, Steven, | ||
| 245 | 1 | 0 |
_aPascal and beyond-- data abstraction and data structures using Turbo Pascal / _cSteve Fisher, Stuart Reges. |
| 260 |
_aNew York : _bWiley, _cc1992. |
||
| 300 |
_axxiv, 496 p. : _bill. (some col.) ; _c25 cm. |
||
| 500 | _aIncludes index. | ||
| 650 | 0 | _aPascal (Computer program language) | |
| 700 | 1 | _aReges, Stuart. | |
| 856 | 4 |
_3Table of Contents _uhttp://www.loc.gov/catdir/toc/onix04/91031406.html |
|
| 856 | 4 |
_3Publisher description _uhttp://www.loc.gov/catdir/enhancements/fy0706/91031406-d.html |
|
| 942 |
_cBB _k005.133F5331 |
||
| 999 |
_c4207 _d4207 |
||